Представление документа в формате MARC21

ПолеНазваниеЗначение
  Тип записи a
  Библиографический уровень m
001 Контрольный номер BIBLIOCLUB\0000498534
005 Дата корректировки 20220829112722.8
006 m o d
007 Элементы данных для физической характеристики c|||||||||||||
008 Кодируемые данные s2017 rus o rus d
020 Индекс ISBN __
a ISBN 978-5-94457-293-6
041 Код языка издания 0_
a Код языка текста rus
084 Индекс другой классификации/Индекс ББК __
a Индекс другой классификации/Индекс ББК 81.0
b Номер единицы LBC/PL
2 Источник индекса rubbk
100 Автор 1_
a Автор Радбиль Т. Б.
245 Заглавие 10
a Заглавие Язык и мир: парадоксы взаимоотражения
b Продолж. заглавия монография
c Ответственность Т. Б. Радбиль
250 Сведения об издании __
a Основные сведения об издании 2-е изд.
260 Выходные данные __
a Место издания Москва
b Издательство Языки славянской культуры (ЯСК)
c Дата издания 2017
300 Физическое описание __
a Объем 593 с.
490 Серия 1_
a Заглавие серии Язык. Семиотика. Культура
504 Библиография __
a Библиография Библиогр. в кн
830 Заголовок добавочной библ.записи на серию - унифицированное заглавие _0
a Унифицированное заглавие Язык. Семиотика. Культура
856 Электронный адрес документа 40
3 Область применения данных поля Университетская библиотека ONLINE
u URL https://biblioclub.ru/index.php?page=book&id=498534